|
|
|
|
| LEADER |
00000nam0a2200000 4500 |
| 001 |
266896 |
| 005 |
20231101234035.0 |
| 020 |
|
|
|a RU
|b 86-98653
|
| 035 |
|
|
|a (RuTPU)RU\TPU\book\289916
|
| 090 |
|
|
|a 266896
|
| 100 |
|
|
|a 20140717d1986 km y0rusy5003 ca
|
| 101 |
0 |
|
|a rus
|
| 102 |
|
|
|a RU
|
| 105 |
|
|
|a a z 001zy
|
| 200 |
1 |
|
|a Физика ультрахолодных нейтронов
|f В. К. Игнатович
|
| 210 |
|
|
|a Москва
|c Наука
|d 1986
|
| 215 |
|
|
|a 271 с.
|c ил.
|d 22 см
|
| 320 |
|
|
|a Библиогр.: с. 256-271.
|
| 606 |
1 |
|
|a Нейтроны ультрахолодные
|2 stltpush
|3 (RuTPU)RU\TPU\subj\45324
|9 64575
|
| 610 |
1 |
|
|a получение
|
| 610 |
1 |
|
|a детекторы
|
| 610 |
1 |
|
|a спектрометры
|
| 610 |
1 |
|
|a транспортировка
|
| 610 |
1 |
|
|a взаимодействие с веществом
|
| 610 |
1 |
|
|a хранение
|
| 610 |
1 |
|
|a применение
|
| 675 |
|
|
|a 539.125.516
|z rus
|v 3
|
| 700 |
|
1 |
|a Игнатович
|b В. К.
|g Владимир Казимирович
|4 070
|
| 801 |
|
0 |
|a RU
|b RuMRKP
|c 19950417
|g psbo
|
| 801 |
|
1 |
|a RU
|b 63413507
|c 20140717
|
| 801 |
|
2 |
|a RU
|b 63413507
|c 20150917
|g RCR
|
| 942 |
|
|
|c BK
|